000 007370000a22002170004500
090 _aAR
_b01903
245 1 0 _aDiscrimination between Atlantic Salmon (<Salmon salar>) of North American and European origin using restriction analyses of mitochondrial DNA
650 1 4 _aAnálisis genético
_975159
650 1 4 _aPeces
_992349
650 1 4 _aVariaciones genética
_995359
651 4 _pAmérica
_992749
651 4 _pEuropa
_992749
653 _gSalmo
_eSalmo salar
041 0 _aInglés
700 1 _aForbes, Stephen H.
_995360
700 1 _aFriedland, Kevin
_995361
700 1 _aPla, Carles
_995362
100 1 _aBermingham, Eldredge
_995340
942 _cARTICULO
773 1 _tCanadian Journal Aquatic Sciences
_3636
_q884-893
_d1991
_g48
999 _c10980
_d10980